| 000 | 00535nam a22001697a 4500 | ||
|---|---|---|---|
| 005 | 20141219141617.0 | ||
| 008 | 141219b xxu||||| |||| 00| 0 eng d | ||
| 040 | _aLoreto College | ||
| 041 | _aEnglish | ||
| 082 |
_a370.954 _bIND |
||
| 245 |
_aSarva shiksha abhiyan _bFramework for implemenrtation _cMinistry of Human Resource Development, Dept. of Elementary Education & Literacy |
||
| 260 |
_aIndia _bMinistry of Human Resourse Development |
||
| 300 |
_avi, 62p. _b24cm. |
||
| 650 | _aEducation | ||
| 850 | _aLCLIB | ||
| 942 | _cBK | ||
| 999 |
_c39744 _d90223 |
||